000 00969nam a22002295i 4500
001 68550
003 ES-MaACL
005 20250906063050.0
007 t|
008 960807s1880 sp ||||1| spa d
040 _aCAM
_bspa
_cCAM
100 1 _aGarrido, Fernando,
_d1821-1883
_955672
245 1 0 _aViajes del chino Dagar-Li-Kao por los paises bárbaros de Europa, España, Francia, Inglaterra y otros /
_ctraducido del chino al castellano por el Ermitaño de las Peñuelas.
260 _aMadrid :
_b[s.n.],
_c1880 (
_fManuel Minuesa de los Rios)
300 _a240 p. ;
_c19 cm.
500 _aEn port.: parte primera.
530 _aDisponible también en sitio web.
594 _aEl Ermitaño de Peñuelas es seudónimo de Fernando Garrido (1821-1883)
852 _aES-MaACL
_jG-9189
856 _uhttp://bibliotecadigitalhispanica.bne.es:80/webclient/DeliveryManager?pid=3177777&custom_att_2=simple_viewer
_zIr a la página
999 _c68550
_d68550